Movies Quiz

Random Movies or James Bond Quiz

Bond Film by Girl Quiz Stats

 Plays Quiz Updated Jan 16, 2020

Support Sporcle.
Go Orange.
Score 0/20 Timer 06:00
1 Play Today
Girl/Film % Correct
Jinx / Die Another Day
84.1%
Vesper Lynd / Casino Royale
79.6%
Honey Ryder / Dr. No
76.2%
Dr. Christmas Jones / The World is Not Enough
69.9%
Holly Goodhead / Moonraker
69.1%
Pussy Galore / Goldfinger
63.8%
Paris Carver / Tomorrow Never Dies
62.9%
Octopussy / Octopussy
62%
Xenia Onatopp / GoldenEye
61.7%
Camille Montes / Quantum of Solace
57%
Girl/Film % Correct
Wai Lin / Tomorrow Never Dies
52.3%
Solitaire / Live and Let Die
51.5%
Domino / Thunderball
46.7%
Kissy Suzuki / You Only Live Twice
45.3%
Tatiana Romanova / From Russia with Love
43%
Mary Goodnight / The Man with the Golden Gun
43%
Pam Bouvier / Licence to Kill
42.5%
Sylvia Trench / Dr. No / From Russia with Love
42.4%
Plenty O'Toole / Diamonds are Forever
42.3%
Stacey Sutton / A View to a Kill
41.2%

From the Vault

Wildlife Rainbow

by bhenderson79

Science 3m
The zebra's stripes are for camouflage; the other colors are just there to make it look fabulous.
Remove Ads.
Support Sporcle.
Get the best of Sporcle when you Go Orange. This ad-free experience offers more features, more stats, and more fun while also helping to support Sporcle. Thank you for becoming a member.

Show Comments

Extras

Top Quizzes Today


Score Distribution

Your Account Isn't Verified!

In order to create a playlist on Sporcle, you need to verify the email address you used during registration. Go to your Sporcle Settings to finish the process.

Report this User

Report this user for behavior that violates our Community Guidelines.

Details: